|
|
|
|
| LEADER |
01535nam a2200385 i 4500 |
| 001 |
EBC5651342 |
| 003 |
MiAaPQ |
| 005 |
20191119115812.0 |
| 006 |
m o d | |
| 007 |
cr cnu|||||||| |
| 008 |
191119s2019 quc o 000 0 fre d |
| 020 |
|
|
|z 9782896033904
|
| 020 |
|
|
|a 9782896037018
|q (electronic bk.)
|
| 035 |
|
|
|a (MiAaPQ)EBC5651342
|
| 035 |
|
|
|a (Au-PeEL)EBL5651342
|
| 035 |
|
|
|a (OCoLC)1084375222
|
| 040 |
|
|
|a MiAaPQ
|b eng
|e rda
|e pn
|c MiAaPQ
|d MiAaPQ
|
| 050 |
|
4 |
|a HF5438.8.P75
|b .B888 2019
|
| 082 |
0 |
|
|a 658.85
|2 23
|
| 100 |
1 |
|
|a Butteau, Patrick,
|e author.
|
| 245 |
1 |
0 |
|a Mieux vendre avec la PNL /
|c Patrick Butteau.
|
| 250 |
|
|
|a 2e edition.
|
| 264 |
|
1 |
|a Boucherville, Quebec Canada ;
|a Paris :
|b Franel editions,
|c [2019]
|
| 264 |
|
4 |
|c 2019
|
| 300 |
|
|
|a 1 online resource (107 pages)
|
| 336 |
|
|
|a text
|b txt
|2 rdacontent
|
| 337 |
|
|
|a computer
|b c
|2 rdamedia
|
| 338 |
|
|
|a online resource
|b cr
|2 rdacarrier
|
| 588 |
|
|
|a Description based on print version record.
|
| 590 |
|
|
|a Electronic reproduction. Ann Arbor, MI : ProQuest, 2018. Available via World Wide Web. Access may be limited to ProQuest affiliated libraries.
|
| 650 |
|
0 |
|a Selling
|x Psychological aspects.
|
| 655 |
|
4 |
|a Electronic books.
|
| 776 |
0 |
8 |
|i Print version:
|a Butteau, Patrick.
|t Mieux vendre avec la PNL.
|b 2e edition.
|d Boucherville, Quebec Canada ; Paris : Franel editions, c2019
|h 107 pages
|z 9782896033904
|
| 797 |
2 |
|
|a ProQuest (Firm)
|
| 856 |
4 |
0 |
|u https://ebookcentral.proquest.com/lib/matrademy/detail.action?docID=5651342
|z Click to View
|